00542nam a2200169 a 450008200150000010000160001524500570003126000450008830000090013350000350014250500240017765000400020170000160024194200070025795200950026499900130035900a221.6bDRI aDriver, S R aIntroduction to the Literature of the Old Testament. aNew YorkbCharles Scribner`s Sons,c1910 a577p aincludes index and biblioraphy2 aIndex, Bibliography aBible O.T. Criticism & Interpretati1 aDriver, S R cBK 00104070aHMIbHMId2007-06-15g100.00l0o221.6 DRIp1752r2007-06-15w2026-01-16yARB c338d338